[Event "AUT-ch"]
[White "Zsifkovits, Robert"]
[Black "Matt, Fabian"]
[Site "Zwettl"]
[Round "7"]
[Result "0-1"]
[Date "2012.07.27"]
[WhiteElo "2152"]
[BlackElo "2211"]
[PlyCount "142"]
[EventDate "2012.07.21"]
[EventType "swiss"]
[EventRounds "9"]
[EventCountry "AUT"]
[SourceTitle "CBM 149 Extra"]
[Source "ChessBase"]
[SourceDate "2012.08.24"]
[SourceVersion "1"]
[SourceVersionDate "2012.08.24"]
[SourceQuality "1"]

1. e4 e5 2. Nf3 Nf6 3. Nxe5 d6 4. Nf3 Nxe4 5. d4 d5 6. Bd3 Bd6 7. 0-0 0-0 8. c4 c6 9. Nc3 Nxc3 10. bxc3 dxc4 11. Bxc4 Bg4 12. Re1 Nd7 13. Be2 Re8 14. Be3 Nb6 15. Qd3 Bh5 16. c4 Bc7 17. Qb3 Qd7 18. Rad1 Bg6 19. a4 Rad8 20. Ne5 Qe6 21. a5 Na8 22. Nxg6 Qxg6 23. Qc3 Qf5 24. Ra1 Bf4 25. Bf3 Nc7 26. g3 Bxg3 27. hxg3 Qxf3 28. Rab1 Rb8 29. Qd2 Ne6 30. d5 cxd5 31. Bxa7 Rbd8 32. Bb6 Rd7 33. cxd5 Rxd5 34. Qe3 Qh5 35. Qe2 Qh3 36. Qf3 Qf5 37. Qxf5 Rxf5 38. Rbd1 h6 39. Rd7 Rb8 40. Rc1 g5 41. Bc7 Rc8 42. Bf4 Rfc5 43. Rxc5 Nxc5 44. Rc7 Rxc7 45. Bxc7 Kg7 46. g4 Kg6 47. f3 f5 48. Kf2 h5 49. gxh5+ Kxh5 50. Kg3 Ne6 51. Be5 Kg6 52. Kf2 f4 53. Bb8 Kf5 54. Bd6 g4 55. fxg4+ Kxg4 56. Be5 Kf5 57. Bb8 Ke4 58. Ba7 Nd4 59. Bb6 Nc6 60. Bc7 Nb4 61. Bb6 Nd3+ 62. Ke2 f3+ 63. Kd2 Nb4 64. Bf2 Kf4 65. Kc3 Nc6 66. Bb6 Kg3 67. Kc4 Nxa5+ 68. Kb5 Nc6 69. Be3 f2 70. Bxf2+ Kxf2 71. Kb6 Nd8 0-1

[Event "Zalakaros op 28th"]
[White "Zsifkovits, Robert"]
[Black "Amstadt, Aron"]
[Site "Zalakaros"]
[Round "7"]
[Result "1/2-1/2"]
[Date "2009.05.14"]
[WhiteElo "2149"]
[BlackElo "2219"]
[PlyCount "96"]
[EventDate "2009.05.08"]
[EventType "swiss"]
[EventRounds "9"]
[EventCountry "HUN"]
[SourceTitle "CBM 130 Extra"]
[Source "ChessBase"]
[SourceDate "2009.07.02"]
[SourceVersion "2"]
[SourceVersionDate "2009.07.15"]
[SourceQuality "1"]

1. e4 c5 2. Nf3 e6 3. d4 cxd4 4. Nxd4 a6 5. Bd3 Qc7 6. Nc3 Nf6 7. f4 d6 8. Qf3 b5 9. g4 Bb7 10. g5 Nfd7 11. Bd2 b4 12. Nce2 d5 13. e5 Nc6 14. 0-0-0 Bc5 15. Be3 Qb6 16. Qf2 a5 17. Kb1 a4 18. Rc1 Ba6 19. Rhd1 b3 20. a3 Na5 21. Bxa6 Bxd4 22. Rxd4 Qxa6 23. Rxa4 bxc2+ 24. Rxc2 Qd3 25. Bb6 Rc8 26. Nc1 Rxc2 27. Qxc2 Qxc2+ 28. Kxc2 Nxb6 29. Rxa5 0-0 30. b3 Rc8+ 31. Kb2 f6 32. Nd3 fxg5 33. fxg5 d4 34. Rc5 Rf8 35. Rc6 Nd5 36. a4 Rf3 37. Rc8+ Kf7 38. Kc2 Ne3+ 39. Kd2 Nf1+ 40. Kc2 Ne3+ 41. Kb1 Nd1 42. Nc1 d3 43. Na2 Ne3 44. Nc3 Rf1+ 45. Kb2 Rf2+ 46. Kb1 Rf1+ 47. Kb2 Rf2+ 48. Kb1 Rf1+ 1/2-1/2